| 000 | 00874cam a2200241 i 4500 | ||
|---|---|---|---|
| 005 | 20160213114753.0 | ||
| 008 | 040217s2000 cr a r 00010 spa d | ||
| 020 | _a9968702404 (v.2) | ||
| 040 |
_ala _cla _dCO-BoIAVH |
||
| 041 | 1 |
_aspa _heng |
|
| 043 | _anccr--- | ||
| 082 | 0 | 4 |
_a582.16097286 _bZ25a |
| 100 | 1 | _aZamora V., Nelson | |
| 245 | 1 | 0 |
_aArboles de Costa Rica / _cNelson Zamora V., Quìrico Jimènez M., Luis J. Poveda. |
| 260 |
_aSan JosÉ (Costa Rica) : _bCentro cientÍfico tropical, _c2000. |
||
| 300 |
_a2 volúmenes : _bilustraciones ; _c23 cm. |
||
| 504 | _aIncluye referencias bibliográficas. | ||
| 650 | 1 | 4 |
_aArboles _x Clasificación _z Costa Rica. |
| 650 | 2 | 4 |
_aArboles _xIdentificación _z Costa Rica. |
| 700 | 1 |
_aJiménez M., Quírico, _eautor. |
|
| 700 | 1 |
_aPoveda A., Luis J. _eautor. |
|
| 942 |
_2ddc _cLIBRO |
||
| 999 |
_c4367 _d4367 |
||